[Event "V Xeque Mate ao Verao Op"]
[Site "Lisbon POR"]
[Date "2017.08.26"]
[Round "1.5"]
[White "Azevedo,M"]
[Black "Schulz,Vl"]
[Result "0-1"]
[WhiteElo "1590"]
[BlackElo "2133"]

1.d4 Nf6 2.Nf3 c5 3.d5 e6 4.c4 exd5 5.cxd5 d6 6.Nc3 g6 7.e4 Bg7 8.Be2 a6
9.a4 Bg4 10.Nd2 Bxe2 11.Qxe2 Nbd7 12.O-O O-O 13.Nc4 Nb6 14.a5 Nxc4 15.Qxc4 Ng4
16.Qe2 f5 17.exf5 gxf5 18.h3 Ne5 19.f4 Ng6 20.Be3 Re8 21.Kh1 Bd4 22.Nd1 Re4
23.g3 Qe7 24.Rf3 Re8 25.Ra3 Qf7 26.Rd3 Qxd5 27.Kh2 c4 28.Ra3 Qc5 29.Qd2 c3
30.Rxc3 Bxc3 31.Qxc3 Qxc3 32.bxc3 Ra4 33.Bb6 Re2+ 34.Kg1 Ra1 35.Rf1 Ne7 36.Nf2 Rxf1+
37.Kxf1 Rc2 38.Bd4 Nc6  0-1

[Event "St.Petersburg Rapid 2017"]
[Site "St Petersburg RUS"]
[Date "2017.08.26"]
[Round "5.4"]
[White "Tregubov,P"]
[Black "Ponkratov,P"]
[Result "0-1"]
[WhiteElo "2593"]
[BlackElo "2590"]

1.d4 Nf6 2.c4 e6 3.Nc3 c5 4.d5 exd5 5.cxd5 d6 6.Nf3 g6 7.Bf4 a6 8.a4 Bg7
9.h3 O-O 10.e3 Qe7 11.Be2 Nbd7 12.O-O Ne8 13.Re1 Rb8 14.Bf1 Nc7 15.e4 Ne5
16.Nxe5 Bxe5 17.Bxe5 Qxe5 18.Qd2 Re8 19.Rad1 g5 20.g3 b5 21.axb5 axb5 22.f4 gxf4
23.gxf4 Qg7+ 24.Kh2 b4 25.Nb5 Nxb5 26.Bxb5 Bxh3 27.Rg1 Bg4 28.Rxg4 Qxg4 29.Rg1 Qxg1+
30.Kxg1 Rxb5 31.e5 dxe5 32.d6 exf4 33.d7 Rd8 34.Qxf4 Rb6 35.Qc7 Rbb8 36.Kf2 f6
37.Ke3 Kg7 38.Ke4 c4 39.Kf5 c3 40.Qc6 Rf8 41.Ke6 cxb2 42.Qg2+ Kh8 43.Qxb2 b3
44.Ke7 h6 45.Ke6 Kh7 46.Qb1+ f5 47.Qb2 h5 48.Ke5 f4 49.Ke6 Rg8 50.Qh2 Rb6+
51.Kd5 Rb5+ 52.Kc6 Rf5 53.Qh3 Rg6+ 54.Kc7 Rc5+ 55.Kb7 Rb5+ 56.Kc7 b2 57.d8=Q Rc5+
58.Kd7 b1=Q  0-1

[Event "Trinidad & Tobago Open"]
[Site "Port of Spain TRI"]
[Date "2017.08.28"]
[Round "3.1"]
[White "Blanco Ronquillo,H"]
[Black "Harper,R"]
[Result "1-0"]
[WhiteElo "2442"]
[BlackElo "2215"]

1.d4 Nf6 2.c4 e6 3.Nf3 c5 4.d5 exd5 5.cxd5 d6 6.Nc3 g6 7.e4 Bg7 8.h3 O-O
9.Bd3 a6 10.a4 Nbd7 11.O-O Ne8 12.Bg5 f6 13.Be3 b6 14.Rb1 Rb8 15.Qd2 Qc7
16.Rfc1 Ne5 17.Nxe5 dxe5 18.a5 b5 19.Nd1 c4 20.b3 Nd6 21.Qb4 Bd7 22.Bb6 Rxb6
23.axb6 Qxb6 24.bxc4 a5 25.Qb2 Nb7 26.cxb5 Nc5 27.Qa3 Rc8 28.Nb2 Bf8 29.Nc4 Qd8
30.d6 Be6 31.Nxa5 Qxd6 32.Bc4 Bxc4 33.Rxc4 Ra8 34.b6 Nxe4 35.b7 Rb8 36.Qa2 Qe6
37.Nc6 Nd6 38.Nxb8 Nxc4 39.Na6  1-0

[Event "Zirndorf Cup 2017"]
[Site "Zirndorf GER"]
[Date "2017.09.01"]
[Round "4.11"]
[White "Meulner,K"]
[Black "Koppen,Harald"]
[Result "1-0"]
[WhiteElo "2117"]
[BlackElo "1891"]

1.d4 Nf6 2.c4 e6 3.Nf3 c5 4.d5 exd5 5.cxd5 d6 6.Nc3 g6 7.Bf4 Bg7 8.Qa4+ Bd7
9.Qb3 Bc8 10.Qb5+ Ke7 11.e4 Re8 12.Be2 Kf8 13.Nd2 b6 14.Qa4 a6 15.O-O Bb7
16.Bf3 Re7 17.Rfe1 Ne8 18.Nc4 f6 19.Qc2 b5 20.Nd2 Nd7 21.h3 Ne5 22.Be2 Bc8
23.Bg3 Nd7 24.a4 b4 25.Nd1 a5 26.Ne3 Nb6 27.f4 Qc7 28.Nec4 Nxc4 29.Nxc4 Ba6
30.Bf3 Bxc4 31.Qxc4 Ra7 32.Rad1 Qb6 33.b3 Qa6 34.Qxa6 Rxa6 35.Be2 Raa7 36.Bc4 Rac7
37.Kf2 Rc8 38.Kf3 Rd8 39.Bh4 h6 40.Bf2 Rc8 41.g4 Nc7 42.Bg3 Rce8 43.h4 Rd7
44.Re2 Ree7 45.Rf1 Rf7 46.Kg2 Rfe7 47.Rfe1 Ne8 48.Bb5 Rd8 49.Bc6 Kf7 50.Rc2 Bf8
51.e5 fxe5 52.fxe5 dxe5 53.Rxc5 Ra7 54.Rf1+ Kg8 55.Rb5 Nc7 56.Rb7 Rxb7 57.Bxb7 Nxd5
58.Re1 Nc3 59.Rxe5 Rd2+ 60.Kf3 Kf7 61.h5 Rb2 62.Rxa5 Rxb3 63.Kg2 Ra3 64.Ra7 Be7
65.Bc6 Ra2+ 66.Kf3 gxh5 67.gxh5 Re2 68.Rb7 Re6 69.Bh4 Rxc6 70.Bxe7 Nd5 71.Bxb4+ Ke6
72.Bd2 Ra6 73.a5 Kf5 74.Rb5 Ke6 75.Bxh6 Ne7 76.Rb6+ Rxb6 77.axb6 Kd7 78.Be3 Kc6
79.h6 Ng6 80.Ke4 Kd6 81.h7 Kc6 82.Kf5 Nh8 83.Kf6  1-0

[Event "TCh-SRB Premier 2017"]
[Site "Ruma SRB"]
[Date "2017.09.02"]
[Round "2.1"]
[White "Arsovic,G"]
[Black "Perunovic,Mil"]
[Result "0-1"]
[WhiteElo "2392"]
[BlackElo "2607"]

1.d4 Nf6 2.Nf3 e6 3.c4 c5 4.d5 d6 5.Nc3 exd5 6.cxd5 g6 7.Bf4 a6 8.e4 b5 9.Be2 Bg7
10.e5 dxe5 11.Nxe5 O-O 12.O-O Bb7 13.Bf3 Nh5 14.Bxh5 gxh5 15.Qf3 b4 16.Na4 Bxd5
17.Qxh5 Qf6 18.Bg3 Ra7 19.Nxc5 Ba8 20.Rad1 Re8 21.Ncd3 Rae7 22.Rc1 Qb6 23.Rc4 Nd7
24.Nxd7 Rxd7 25.Rxb4 Qc6 26.Nf4 Rde7 27.Qg4 Re1  0-1

[Event "Liga Nacional Superior"]
[Site "Villa Martelli ARG"]
[Date "2017.09.02"]
[Round "5.2"]
[White "Nieva,J"]
[Black "Conde,Ad"]
[Result "1/2-1/2"]
[WhiteElo "1962"]
[BlackElo "2116"]

1.d4 Nf6 2.c4 e6 3.Nf3 c5 4.d5 exd5 5.cxd5 d6 6.Nc3 g6 7.e4 Bg7 8.Bb5+ Bd7
9.a4 a6 10.Be2 O-O 11.O-O Re8 12.Nd2 Qc7 13.h3 Bc8 14.Qc2 Nbd7 15.Nc4 Ne5
16.Na3 Rb8 17.f4 Ned7 18.Nab5 axb5 19.Nxb5 Qd8 20.Nxd6 Nxe4 21.Nxe4 Nb6 22.Bb5 Bd7
23.f5 Bxb5 24.axb5 Qxd5 25.Ng5 Bd4+ 26.Kh1 Qc4 27.Qd1 Qe2 28.fxg6 hxg6 29.Qxe2 Rxe2
30.Nxf7 Rf8 31.Nh6+ Kg7 32.Bg5 Rxb2 33.Rxf8 Kxf8 34.Rf1+ Rf2 35.Re1 Nd5 36.Ng4 Rb2
37.Ne5 Kg7 38.Nf3 Rxb5 39.Re6 Bf6 40.Bxf6+ Nxf6 41.g4  1/2-1/2

[Event "TCh-SRB Premier 2017"]
[Site "Ruma SRB"]
[Date "2017.09.03"]
[Round "3.6"]
[White "Arsovic,G"]
[Black "Kovacevic,A"]
[Result "0-1"]
[WhiteElo "2392"]
[BlackElo "2490"]

1.d4 Nf6 2.Nf3 e6 3.c4 c5 4.d5 d6 5.Nc3 exd5 6.cxd5 g6 7.Bf4 Bg7 8.Qa4+ Bd7
9.Qb3 Qc7 10.e4 O-O 11.Nd2 Nh5 12.Be3 f5 13.exf5 Bxf5 14.Be2 Nf6 15.Nc4 Ne4
16.O-O Nxc3 17.bxc3 Re8 18.Rfe1 Nd7 19.Bf4 Ne5 20.Bf1 Nxc4 21.Bxc4 Bd7 22.a4 Rxe1+
23.Rxe1 Re8 24.Rxe8+ Bxe8 25.h3 Qe7 26.Bf1 b6 27.Bb5 Qe1+ 28.Kh2 Be5 29.Bg3 Bf7
30.f4 Qxc3 31.Qb1 Bd4 32.Bd3 Bxd5 33.Bxg6 hxg6 34.Qxg6+ Bg7 35.Qxd6 Bf7 36.Qb8+ Bf8
37.Bh4 Qe3 38.Bg5 Qe4 39.Qc8 Be6 40.Qe8 Bd5  0-1

[Event "TCh-SRB Premier 2017"]
[Site "Ruma SRB"]
[Date "2017.09.06"]
[Round "6.2"]
[White "Oparin,G"]
[Black "Kovacevic,A"]
[Result "1-0"]
[WhiteElo "2616"]
[BlackElo "2490"]

1.d4 Nf6 2.c4 e6 3.Nf3 c5 4.d5 d6 5.Nc3 exd5 6.cxd5 g6 7.Bf4 a6 8.a4 Bg7
9.h3 O-O 10.e3 Re8 11.Bd3 Nbd7 12.O-O Nh5 13.Bxd6 Qb6 14.Bh2 Qxb2 15.Ne4 Qxa1
16.Qxa1 Bxa1 17.Rxa1 b6 18.Nd6 Rd8 19.e4 f6 20.g4 Ng7 21.g5 Ne8 22.gxf6 Ndxf6
23.Nc4 Bxh3 24.Nxb6 Ra7 25.Ne5 c4 26.Bxc4 Nxe4 27.Nc6 Rb7 28.a5 Rd6 29.Re1 N8f6
30.Re3 Ng4 31.Rxe4 Nxh2 32.Kxh2  1-0

[Event "TCh-SRB Premier 2017"]
[Site "Ruma SRB"]
[Date "2017.09.08"]
[Round "8.6"]
[White "Miljkovic,Mir1"]
[Black "Velickovic,Sa"]
[Result "1-0"]
[WhiteElo "2457"]
[BlackElo "2293"]

1.d4 Nf6 2.c4 c5 3.d5 e6 4.Nc3 exd5 5.cxd5 d6 6.Nf3 g6 7.Bf4 a6 8.a4 Bg7
9.h3 O-O 10.e3 Qe7 11.Be2 Nbd7 12.O-O Ne8 13.Re1 h6 14.Nd2 g5 15.Bg3 f5 16.Nc4 Ne5
17.Nb6 Rb8 18.Qd2 Qf6 19.a5 Qg6 20.Ra4 Nf7 21.Bd3 Ne5 22.Bc2 Nd7 23.Nc4 b5
24.axb6 Nxb6 25.Nxb6 Rxb6 26.Bd3 Qf6 27.f4 Rb4 28.Rf1 Rxa4 29.Nxa4 Qd8 30.b3 gxf4
31.Bxf4 Nf6 32.Nb2 Nh5 33.Nc4 Nxf4 34.Rxf4 Be5 35.Nxe5 dxe5 36.Ra4 Qd6 37.Qc3 f4
38.exf4 exf4 39.Be2 Re8 40.Bf3 Re3 41.Qc4 Bxh3 42.Rxa6 Qe5 43.d6+ Be6 44.d7 Bxc4
45.d8=Q+ Kh7 46.Qd7+  1-0

[Event "TCh-SRB Premier 2017"]
[Site "Ruma SRB"]
[Date "2017.09.09"]
[Round "9.5"]
[White "Jojua,D"]
[Black "Brankovic,De"]
[Result "1-0"]
[WhiteElo "2590"]
[BlackElo "2374"]

1.d4 Nf6 2.c4 c5 3.d5 e6 4.Nc3 exd5 5.cxd5 d6 6.Nf3 g6 7.h3 Bg7 8.e4 O-O
9.Bd3 b5 10.Nxb5 Re8 11.O-O Nxe4 12.Qa4 Bd7 13.Re1 Qb6 14.Rxe4 Rxe4 15.Qxe4 Bxb5
16.a4 Bd7 17.a5 Qd8 18.Bg5 f6 19.Bf4 Bf8 20.b4 Bf5 21.Qc4 Bxd3 22.Qxd3 cxb4
23.Nd4 Nd7 24.Nc6 Qe8 25.Nxb4 Nc5 26.Qc4 a6 27.Be3 Qf7 28.Rd1 f5 29.Nc6 Ne4
30.Bb6 Qf6 31.Nd4 Qf7 32.Ne6 Nf6 33.Qc6 Re8 34.Bd4 Nxd5 35.Ng5 Nb4 36.Qa4 Qe7
37.Qxb4 Qxg5 38.Qc4+  1-0

[Event "16th Izmir Open 2017"]
[Site "Izmir TUR"]
[Date "2017.09.10"]
[Round "9.6"]
[White "Molla,Ersen"]
[Black "Gunduz,Umut Erdem"]
[Result "0-1"]
[WhiteElo "1895"]
[BlackElo "2071"]

1.d4 Nf6 2.c4 e6 3.Nc3 c5 4.d5 exd5 5.cxd5 d6 6.Nf3 g6 7.Bf4 a6 8.e4 Bg7
9.Qa4+ Nfd7 10.Be2 O-O 11.O-O Qe7 12.Rfe1 Ne5 13.Nxe5 Bxe5 14.Be3 f5 15.exf5 Bxf5
16.Bf1 Nd7 17.f4 Bf6 18.Bf2 Qf7 19.Qb3 b5 20.a4 Bd4 21.axb5 Bxf2+ 22.Kxf2 g5
23.Rxa6 Bg6 24.Qc4 Rae8 25.Re6 Ne5 26.Qa4 c4 27.Ne2 Rxe6 28.dxe6 Qxe6 29.Ke1 Nd3+
30.Kd2 gxf4 31.Ra8 Qe3+  0-1

[Event "ch-Tatarstan 2017"]
[Site "Kazan RUS"]
[Date "2017.09.15"]
[Round "1.8"]
[White "Safin,Robert"]
[Black "Sadykov,Ra"]
[Result "0-1"]
[WhiteElo "1898"]
[BlackElo "2356"]

1.d4 Nf6 2.c4 c5 3.d5 e6 4.Nc3 exd5 5.cxd5 d6 6.Nf3 g6 7.e4 a6 8.Be2 b5 9.Qc2 Bg7
10.O-O O-O 11.Bf4 Qe7 12.e5 dxe5 13.Nxe5 Bf5 14.Bd3 Nh5 15.Rfe1 Nxf4 16.Nxg6 Nxg6
17.Rxe7 Bxd3 18.Qxd3 Nxe7 19.Re1 Ng6 20.Qf5 Rd8 21.d6 Nd7 22.Ne4 Bxb2 23.Ng5 Nf6
24.Qxc5 h6 25.Nf3 Rac8 26.Qb6 Ne8 27.d7 Rxd7 28.Qxa6 Nd6 29.g3 Rcd8 30.Qc6 Bg7
31.Kg2 Ne7 32.Qb6 Nd5 33.Qc5 Nc3 34.Qc6 Nxa2 35.Ne5 Nb4 36.Qc5 Bxe5 37.Qxb4 Bf6
38.Rd1 Kf8 39.Qf4 Bg7 40.Rd5 Ne8 41.Rxb5 Nf6 42.Rb8 Nd5 43.Qg4 Ne3+ 44.fxe3 Rd2+
45.Kf3 Rxb8 46.Qf5 Kg8 47.h3 Rd6 48.Qc5 Rf6+ 49.Kg4 Re8 50.h4 Rfe6 51.Kf3 Rxe3+
52.Qxe3 Rxe3+ 53.Kxe3 h5 54.Kf4 Bf6 55.g4 Bxh4 56.g5 Kg7 57.Kf5 Be1 58.g6 fxg6+
59.Kg5 Bd2+ 60.Kh4 Kf6  0-1

[Event "TCh-FIN 2017-18"]
[Site "Finland FIN"]
[Date "2017.09.17"]
[Round "2.4"]
[White "Koykka,P"]
[Black "Van de Plassche,E"]
[Result "1-0"]
[WhiteElo "2352"]
[BlackElo "2199"]

1.d4 Nf6 2.c4 c5 3.d5 e6 4.Nc3 exd5 5.cxd5 d6 6.Nf3 g6 7.Nd2 Bg7 8.e4 O-O
9.Be2 Re8 10.O-O Na6 11.f3 Nc7 12.a4 b6 13.Nc4 Ba6 14.Bg5 Rb8 15.Qd2 Qd7
16.Kh1 Bxc4 17.Bxc4 a6 18.Bd3 Rb7 19.f4 b5 20.axb5 axb5 21.Rae1 b4 22.Nd1 c4
23.Bxf6 Bxf6 24.Bxc4 Bg7 25.Nf2 b3 26.e5 dxe5 27.Nd3 Rbb8 28.fxe5 Nb5 29.d6 Rf8
30.Bxb3 Nd4 31.Bc4 Qc6 32.Qc3 Qb6 33.Nc5 Qxb2 34.Qd3 Nc6 35.Rb1 Qd4 36.Qxd4 Nxd4
37.Bxf7+ Kh8 38.Rxb8 Rxb8 39.e6 Nf5 40.d7 Ne3 41.e7  1-0

[Event "Istanbul Open 2017"]
[Site "Istanbul TUR"]
[Date "2017.09.17"]
[Round "9.8"]
[White "Bicer,Atakan Mert"]
[Black "Rasulov,Vu"]
[Result "0-1"]
[WhiteElo "1842"]
[BlackElo "2504"]

1.d4 Nf6 2.Nf3 c5 3.d5 e6 4.c4 exd5 5.cxd5 d6 6.Nc3 g6 7.e4 Bg7 8.Bd3 O-O
9.O-O Bg4 10.h3 Bxf3 11.Qxf3 Nbd7 12.Bf4 Qe7 13.Rae1 a6 14.a4 Nh5 15.Bh2 Be5
16.Qe3 Bd4 17.Qd2 Ne5 18.Be2 Nf6 19.Bd3 Rfe8 20.Bxe5 Qxe5 21.Kh1 Qh5 22.Qe2 Qh4
23.Qf3 Re7 24.Kh2 Rae8 25.g3 Qg5 26.Re2 h5 27.Rfe1 h4 28.Kg2 Be5 29.g4 Nh5
30.Re3 Bd4 31.Kh1 Nf4 32.Bc2 Qe5 33.Nd1 c4 34.R3e2 Nxe2 35.Rxe2 Qf6 36.Qxf6 Bxf6
37.Kg2 b5 38.a5 Be5 39.f3 Rc8 40.Kf2 Rc5 41.Ke3 g5 42.Kd2 b4 43.Kc1 Rxa5
44.Ne3 Ra1+ 45.Bb1 Bf4  0-1

[Event "Istanbul Open 2017"]
[Site "Istanbul TUR"]
[Date "2017.09.17"]
[Round "9.2"]
[White "Benidze,D"]
[Black "Maghalashvili,Da"]
[Result "1-0"]
[WhiteElo "2520"]
[BlackElo "2512"]

1.d4 Nf6 2.c4 e6 3.Nf3 c5 4.d5 exd5 5.cxd5 d6 6.Nc3 g6 7.Bf4 a6 8.a4 Bg7
9.e3 O-O 10.h3 Qe7 11.Be2 Nbd7 12.O-O Ne8 13.Nd2 Ne5 14.Qb3 f5 15.Bh2 Nf6
16.Rae1 Re8 17.f4 Nf7 18.Bf3 Qc7 19.Nc4 Bd7 20.Nb6 Rad8 21.Kh1 Re7 22.e4 fxe4
23.Nxd7 Qxd7 24.Nxe4 Nxe4 25.Rxe4 Rxe4 26.Bxe4 Re8 27.Qc2 Qe7 28.Bd3 Qf6
29.b3 Nh6 30.f5 gxf5 31.Bf4 Kh8 32.Qf2 Nf7 33.Bg3 Ne5 34.Bxf5 Rf8 35.Bh4 Qh6
36.Qg3 Bf6 37.Be4 Bxh4 38.Rxf8+ Qxf8 39.Qxh4 h6 40.a5 Kg7 41.Kh2 Qf6 42.Qg3+ Qg5
43.h4 Qxg3+ 44.Kxg3 Kf6 45.Kf4 c4 46.b4 Nd3+ 47.Bxd3 cxd3 48.Ke3 Kf5 49.Kxd3 Kg4
50.Ke3 Kxh4 51.Kf4 h5 52.Kf5 Kg3 53.Ke6 h4 54.Kxd6 Kxg2 55.Kc7 h3 56.d6 h2
57.d7 h1=Q 58.d8=Q Kf2 59.Qd2+ Kg3 60.Qe3+ Kg4 61.Qb6 Qh7+ 62.Kb8 Qg8+ 63.Ka7 Qc4
64.Kxb7 Qd5+ 65.Qc6 Qd3 66.b5 axb5 67.a6  1-0

[Event "World Youth Girl U18 2017"]
[Site "Montevideo URU"]
[Date "2017.09.17"]
[Round "1.5"]
[White "Avramidou,Anastasia"]
[Black "Spiranec,Noemi"]
[Result "1-0"]
[WhiteElo "2259"]
[BlackElo "1957"]

1.d4 Nf6 2.c4 e6 3.Nf3 c5 4.d5 exd5 5.cxd5 d6 6.Nc3 g6 7.Bf4 a6 8.a4 Bg7
9.h3 O-O 10.e3 Ne8 11.Be2 Nd7 12.O-O Qe7 13.Re1 Ne5 14.Nd2 f5 15.Bg3 Nc7
16.a5 Rb8 17.Qb3 Bd7 18.Bf1 Be8 19.f4 Nd7 20.e4 Bd4+ 21.Kh2 Qf7 22.Nc4 Bxc3
23.bxc3 Nb5 24.e5 dxe5 25.Nxe5 Qg7 26.Bh4 Nf6 27.d6+ Kh8 28.Rad1 Rd8 29.d7 Bf7
30.Nxf7+ Rxf7 31.Bxb5 axb5 32.Qxb5 h6 33.Re8+  1-0

[Event "25th Vallfogona Rapid"]
[Site "Vallfogona de Balague ESP"]
[Date "2017.09.17"]
[Round "7.1"]
[White "Cori,J"]
[Black "Munoz Pantoja,M"]
[Result "1/2-1/2"]
[WhiteElo "2648"]
[BlackElo "2495"]

1.d4 Nf6 2.Nf3 c5 3.d5 e6 4.c4 exd5 5.cxd5 d6 6.Nc3 g6 7.Bf4 a6 8.a4 Bg7
9.e3 O-O 10.h3 Nh5 11.Bh2 f5 12.Be2 f4 13.e4 Nd7 14.O-O Rb8 15.Re1 Ne5 16.Ra2 Bd7
17.Nb1 Nxf3+ 18.Bxf3 Qh4 19.Bxh5 gxh5 20.Nd2 Rbe8 21.Nf3 Qf6 22.Qd2 Qg6 23.Nh4 Qg5
24.Nf3 Qg6 25.Nh4 Qg5 26.Nf3 Qg6 27.Nh4  1/2-1/2

[Event "World Youth Girl U14 2017"]
[Site "Montevideo URU"]
[Date "2017.09.18"]
[Round "2.7"]
[White "Nurgali,Nazerke"]
[Black "Skaslien,Ingrid"]
[Result "1-0"]
[WhiteElo "2068"]
[BlackElo "1721"]

1.d4 Nf6 2.Nf3 e6 3.c4 c5 4.d5 exd5 5.cxd5 d6 6.Nc3 g6 7.h3 Bg7 8.e4 O-O
9.Bd3 a6 10.a4 Re8 11.O-O Nbd7 12.Re1 Qe7 13.Bf4 Nh5 14.Bh2 Ne5 15.Be2 Nd7
16.Nd2 Nhf6 17.Nc4 Nf8 18.Nxd6 Rd8 19.Bf3 N6d7 20.Nxc8 Raxc8 21.d6 Qe8 22.Nd5 Ne6
23.Ne7+ Kh8 24.Nxc8 Rxc8 25.e5 b6 26.Bb7  1-0

[Event "Mitropa Cup 2017"]
[Site "Balatonszarszo HUN"]
[Date "2017.09.19"]
[Round "3.2"]
[White "Keymer,Vincent"]
[Black "Kriebel,T"]
[Result "0-1"]
[WhiteElo "2419"]
[BlackElo "2487"]

1.d4 Nf6 2.c4 c5 3.d5 e6 4.Nc3 exd5 5.cxd5 d6 6.Nf3 g6 7.Bf4 a6 8.a4 Bg7
9.h3 O-O 10.e3 Re8 11.Nd2 Nbd7 12.Nc4 Ne4 13.Nxe4 Rxe4 14.Bd3 Rxc4 15.Bxc4 Bxb2
16.Rb1 Bc3+ 17.Ke2 Qe7 18.Qc2 Bg7 19.g4 b5 20.axb5 Nb6 21.Kf3 f5 22.gxf5 Nxc4
23.Qxc4 axb5 24.Rxb5 Bxf5 25.Rb6 Qh4 26.Rb7 g5 27.Qb5 Qh5+ 28.Kg2 gxf4 29.Rxg7+ Kxg7
30.Qb7+ Qf7 31.Qxa8 Be4+ 32.Kh2 fxe3 33.Rg1+ Kh6 34.f3 Qxf3 35.Qa2 Qf4+ 36.Rg3 Qf2+  0-1

[Event "World Youth Open U18 2017"]
[Site "Montevideo URU"]
[Date "2017.09.20"]
[Round "5.18"]
[White "Zhu,Brandon"]
[Black "Goncalves,Davi Sulzbacher"]
[Result "1-0"]
[WhiteElo "2015"]
[BlackElo "2252"]

1.d4 Nf6 2.c4 e6 3.Nc3 c5 4.d5 exd5 5.cxd5 d6 6.Nf3 g6 7.g3 Bg7 8.Bg2 O-O
9.O-O Re8 10.Bf4 Ne4 11.Nxe4 Rxe4 12.Nd2 Rxf4 13.gxf4 Bxb2 14.Rb1 Bg7 15.a4 Na6
16.Nc4 Nb4 17.Qd2 b6 18.Rfe1 Ba6 19.Na3 Qd7 20.Nc2 Na2 21.Rb3 Qxa4 22.Ra3 Qc4
23.Ne3 Qb4 24.Rxa2 Bc3 25.Qc2 Bxe1 26.Rxa6 Qxf4 27.Bf3 Qg5+ 28.Kf1 Bb4 29.Qe4 h5
30.h4 Qf6 31.Nc4 b5 32.Nb6 Rd8 33.Rxa7 c4 34.Nd7 Qg7 35.Qe7 Rc8 36.Nf6+ Kh8
37.Qxf7  1-0

[Event "Euro Uni Rapid Open 2017"]
[Site "Fuengirola ESP"]
[Date "2017.09.21"]
[Round "3"]
[White "Burcu,C"]
[Black "Ponkratov,P"]
[Result "0-1"]
[WhiteElo "2283"]
[BlackElo "2591"]

1.d4 Nf6 2.Nf3 e6 3.c4 c5 4.d5 exd5 5.cxd5 d6 6.Nc3 g6 7.Bf4 a6 8.a4 Bg7
9.h3 O-O 10.e3 Qe7 11.Nd2 Nbd7 12.Nc4 Ne8 13.Be2 Rb8 14.O-O Ne5 15.Na3 b6
16.Rb1 g5 17.Bg3 f5 18.f4 Ng6 19.Qd2 gxf4 20.exf4 Nc7 21.Rfe1 Qf6 22.Bf2 Bd7
23.Rec1 b5 24.b4 cxb4 25.Rxb4 a5 26.Rxb5 Nxb5 27.Naxb5 Rbc8 28.Nd4 Kh8 29.Ba6 Rce8
30.Bb5 Bxb5 31.axb5 Nxf4 32.Qxf4 Bh6 33.Bh4 Qg7 34.Nxf5 Bxf4 35.Nxg7 Bxc1
36.Nxe8 Be3+ 37.Kh2 Rxe8 38.Kg3 Bd4 39.Nd1 a4 40.b6 a3  0-1

[Event "8th Biella Open 2017"]
[Site "Biella ITA"]
[Date "2017.09.23"]
[Round "2.12"]
[White "Ubezio,M"]
[Black "Bisi,Riccardo"]
[Result "1-0"]
[WhiteElo "2126"]
[BlackElo "2044"]

1.d4 Nf6 2.c4 e6 3.Nc3 c5 4.d5 exd5 5.cxd5 d6 6.Nf3 g6 7.Bf4 a6 8.a4 Bg7
9.h3 O-O 10.e3 Bf5 11.Nd2 Ne8 12.Nc4 Nd7 13.a5 b5 14.axb6 Nxb6 15.Bd3 Bxd3
16.Qxd3 Nxc4 17.Qxc4 Qb6 18.Ra2 Nc7 19.O-O Rfd8 20.Ne4 f5 21.Nxc5 Qxc5 22.Qxc5 dxc5
23.Bxc7 Rxd5 24.Rc1 Rc8 25.Ba5 Rb8 26.Bc3 Bxc3 27.bxc3 Rd6 28.g4 fxg4 29.hxg4 Kf7
30.f4 Rb3 31.Kf2 Kf6 32.g5+ Ke6 33.Kf3 Rdb6 34.e4 Kd6 35.Rd2+ Ke6 36.Kg4 Rd6
37.f5+ Ke5 38.Rxd6 gxf5+ 39.exf5 Kxd6 40.Re1 a5 41.f6 Rb7 42.g6 hxg6 43.Kg5 a4
44.Kxg6 Kd5 45.Re7 Rb6 46.Kf5 Kc4 47.f7 Rb1 48.Re4+  1-0

[Event "World Youth Open U16 2017"]
[Site "Montevideo URU"]
[Date "2017.09.23"]
[Round "8.25"]
[White "Suarez,Pedro"]
[Black "Otawa,Yuto"]
[Result "1-0"]
[WhiteElo "1684"]
[BlackElo "2032"]

1.d4 Nf6 2.c4 c5 3.d5 e6 4.Nc3 exd5 5.cxd5 d6 6.Nf3 g6 7.Bf4 a6 8.a4 Bg7
9.e3 O-O 10.h3 Ne8 11.Be2 Nd7 12.O-O Qe7 13.Qc2 Rb8 14.a5 f5 15.Rab1 b5 16.axb6 Rxb6
17.Rfd1 Nc7 18.b4 cxb4 19.Na4 Rb7 20.Qc6 Ne5 21.Bxe5 Bxe5 22.Nxe5 Qxe5 23.Nb6 Ra7
24.Rxb4 a5 25.Nxc8 Rxc8 26.Rb7 Rxb7 27.Qxb7 Qe8 28.Rc1 Qd8 29.Ba6 Ra8 30.Rxc7 Rxa6
31.Rg7+  1-0

[Event "5th Asian Indoor 2017"]
[Site "Ashgabat TKM"]
[Date "2017.09.24"]
[Round "7.18"]
[White "Sulaiman,Ahmad Ashrafi"]
[Black "Karimov,Alisher"]
[Result "1/2-1/2"]
[WhiteElo "1883"]
[BlackElo "2168"]

1.d4 Nf6 2.c4 e6 3.Nf3 c5 4.d5 exd5 5.cxd5 d6 6.Nc3 g6 7.Bg5 Bg7 8.e3 O-O
9.Be2 a6 10.a4 Re8 11.O-O h6 12.Bh4 Qb6 13.Qc2 Bg4 14.a5 Qc7 15.h3 Bxf3 16.Bxf3 Nbd7
17.Ra4 Rac8 18.Be2 Nh7 19.g4 Nhf8 20.Bg3 Nf6 21.Qd3 Qe7 22.Re1 N8d7 23.Bf1 h5
24.g5 Nh7 25.h4 Ne5 26.Qd1 Qd7 27.f4 Nf3+ 28.Qxf3 Bxc3 29.Ra2 Bxe1 30.Bxe1 Qe7
31.Kf2 f5 32.Bc3 Qe4 33.Qxe4 Rxe4 34.Bd3 Re7 35.b3 Nf8 36.Bf6 Ree8 37.Bc4 Nd7
38.Bc3 Kf7 39.Kf3 Ra8 40.Ra1 Re7 41.Ra2 Kf8 42.Ra1 b5 43.Bf1 Rc8 44.Bd2 Nb8
45.Re1 Rce8 46.Rc1 Rc7 47.Bc3 Ree7 48.Re1 Rb7 49.Bd2 Rec7 50.Bc3 Kf7 51.Rc1 c4
52.b4 Re7 53.Re1 Nd7 54.Rc1 Re8 55.Bh3 Re4 56.Kf2 Rb8 57.Bg2 Re7 58.Bf3 Rc8
59.Bg2 Rce8 60.Re1 Rf8 61.Rc1 Ke8 62.Re1 Kd8 63.Re2 Kc7 64.Re1 Rfe8 65.Re2  1/2-1/2

[Event "Mitropa Cup 2017"]
[Site "Balatonszarszo HUN"]
[Date "2017.09.24"]
[Round "8.3"]
[White "Keymer,Vincent"]
[Black "Kreisl,R"]
[Result "1/2-1/2"]
[WhiteElo "2419"]
[BlackElo "2427"]

1.d4 Nf6 2.c4 e6 3.Nf3 c5 4.d5 exd5 5.cxd5 d6 6.Nc3 g6 7.Bf4 Bg7 8.Qa4+ Bd7
9.Qb3 b5 10.Bxd6 Qb6 11.Be5 O-O 12.e3 c4 13.Qd1 b4 14.Ne2 Rc8 15.Nf4 c3 16.Rc1 Qa5
17.bxc3 bxc3 18.Qd4 c2+ 19.Nd2 Qa3 20.Qb2 Qxb2 21.Bxb2 g5 22.Ne2 Nxd5 23.Bxg7 Kxg7
24.Nd4 Nc6 25.Nxc2 Ncb4 26.Bc4 Nxc2+ 27.Rxc2 Nb4 28.Rc3 Nxa2 29.Ra3 Nb4 30.O-O a5
31.f4 gxf4 32.Rxf4 f6 33.e4 Be8 34.h4 a4 35.Rg4+ Kh6 36.h5 Bxh5 37.Rh3 Rc5
38.Rgh4 a3 39.Bf7 a2 40.Rxh5+ Rxh5 41.Rxh5+ Kg7 42.Bxa2 Rxa2 43.Nf3 Nd3 44.Rd5 Nf4
45.Rd7+ Kg8 46.Rd2 Rxd2 47.Nxd2  1/2-1/2

[Event "World Youth Open U18 2017"]
[Site "Montevideo URU"]
[Date "2017.09.24"]
[Round "9.19"]
[White "Kozusek,Daniel"]
[Black "Zhong,Joey"]
[Result "1-0"]
[WhiteElo "2265"]
[BlackElo "1984"]

1.d4 Nf6 2.c4 c5 3.d5 e6 4.Nf3 d6 5.Nc3 exd5 6.cxd5 g6 7.g3 Bg7 8.Bg2 O-O
9.O-O Re8 10.Bf4 Ne4 11.Nxe4 Rxe4 12.Nd2 Rxf4 13.gxf4 Bxb2 14.Rb1 Bg7 15.e4 Nd7
16.Re1 Bh6 17.e5 Bxf4 18.e6 Ne5 19.Re4 Qf6 20.Qa4 Bxd2 21.Qe8+ Kg7 22.Rxe5 dxe5
23.e7 Bf5 24.Qxa8 Qxe7 25.Rxb7 Qf6 26.Qxa7 c4 27.Rc7 c3 28.Qa3 c2 29.d6 c1=Q+
30.Rxc1 Bxc1 31.Qxc1 Qxd6 32.a4 h5 33.a5 h4 34.h3 Bd3 35.Qc6 Qb4 36.Qb6 Qe1+
37.Kh2 Qe2 38.Bb7 Qd2 39.Qe3 Qc2 40.Qxe5+ f6 41.Qe7+ Kh6 42.Qe3+ g5 43.Qb6 Qc3
44.a6 Qe5+ 45.Kg2 Be4+ 46.Bxe4 Qxe4+ 47.Kf1 Qd3+ 48.Ke1 Qe4+ 49.Kd2 Qd5+
50.Kc3 Qe5+ 51.Kc4 Qe4+ 52.Kb5 Qd5+ 53.Qc5 Qd7+ 54.Kb6 Qd8+ 55.Kb5 Qd7+ 56.Qc6 Qd3+
57.Kb6 Qd8+ 58.Kc5 Qa5+ 59.Kd6 Qe5+ 60.Kd7 Qd4+ 61.Ke7 Kg6 62.Qe8+ Kh6 63.Kf7 Qa7+
64.Qe7  1-0

[Event "World Youth Girl U18 2017"]
[Site "Montevideo URU"]
[Date "2017.09.24"]
[Round "9.16"]
[White "Strgacich,Aylen"]
[Black "Monroy G.,Nataly A."]
[Result "1/2-1/2"]
[WhiteElo "1897"]
[BlackElo "2108"]

1.d4 Nf6 2.c4 c5 3.d5 e6 4.Nc3 exd5 5.cxd5 d6 6.Nf3 g6 7.g3 Bg7 8.Bg2 O-O
9.O-O Na6 10.Bf4 Nc7 11.e4 b5 12.e5 Nfe8 13.Ne4 Bf5 14.Nxd6 Nxd6 15.exd6 Ne8
16.Rc1 Nxd6 17.Rxc5 Nc4 18.b3 Nb2 19.Qd2 Nd3 20.Rc6 Nxf4 21.Qxf4 Re8 22.Nd4 Bd7
23.Rcc1 Be5 24.Qd2 Bd6 25.h3 Qb6 26.Kh2 h5 27.h4 Qd8 28.Kh1 a6 29.Rfe1 Qb6
30.b4 Rxe1+ 31.Rxe1 Re8 32.Rxe8+ Bxe8 33.Be4 Qd8 34.Bf3 Qf6 35.Kg2 Bd7 36.a3 Kh7
37.Qe3 Qe5 38.Qd3 Kg7 39.Nb3 f5 40.Nc5 Bc8 41.Qc2 Qe7 42.Qc3+ Kh7 43.Bd1 Qe8
44.Qf6 Be5 45.Qb6 Qf7 46.Nxa6 f4 47.Bf3 fxg3 48.fxg3 Qf5 49.Qxb5 Qh3+ 50.Kf2 Qxg3+
51.Ke2 Qh2+ 52.Kd3  1/2-1/2

[Event "World Youth Girl U16 2017"]
[Site "Montevideo URU"]
[Date "2017.09.25"]
[Round "10.11"]
[White "Sevilla,Julia"]
[Black "Erseki,Tamara"]
[Result "0-1"]
[WhiteElo "1736"]
[BlackElo "2050"]

1.d4 Nf6 2.c4 c5 3.d5 e6 4.Nc3 exd5 5.cxd5 d6 6.Nf3 g6 7.g3 Bg7 8.Bg2 O-O
9.O-O a6 10.a4 Nbd7 11.h3 Re8 12.Nd2 Rb8 13.Nc4 Ne5 14.Na3 Nh5 15.e4 Bd7
16.g4 b5 17.gxh5 b4 18.f4 bxa3 19.fxe5 axb2 20.Bxb2 Rxb2 21.Qf3 Rxe5 22.Qxf7+ Kh8
23.h6 Bxh6 24.Rab1 Rxb1 25.Rxb1 Bg7 26.Qf4 Qc7 27.h4 Re8 28.Ne2 Bxa4 29.e5 Rxe5
30.Qxa4 Rxe2 31.Qxa6 Re8 32.Qc6 Qd8 33.Bf3 Rf8 34.Kg2 Be5 35.Rh1 Qf6 36.Rh3 Qf4
37.Qb5 c4 38.Qb1 Qd2+ 39.Kg1 c3 40.Be4 Bd4+ 41.Kh1 Qe2 42.Bg2 c2 43.Qc1 Qd1+  0-1

[Event "World Youth Girl U16 2017"]
[Site "Montevideo URU"]
[Date "2017.09.25"]
[Round "10.22"]
[White "Cayon,Laura Valentina"]
[Black "Conti,Anne-Marie"]
[Result "0-1"]
[WhiteElo "1715"]
[BlackElo "1854"]

1.d4 Nf6 2.Nf3 e6 3.c4 c5 4.d5 d6 5.Nc3 exd5 6.cxd5 g6 7.e4 Bg4 8.Be2 Bxf3
9.Bxf3 Bg7 10.O-O O-O 11.Bf4 a6 12.e5 dxe5 13.Bxe5 Re8 14.Re1 Nbd7 15.Bg3 Rxe1+
16.Qxe1 Qb6 17.Qd2 Re8 18.b3 Qb4 19.Re1 Rc8 20.Nb1 Qd4 21.Rd1 Re8 22.Kf1 Ne4
23.Bxe4 Rxe4 24.f3 Qxd2 25.Rxd2 Rd4 26.Ke2 f5 27.Nc3 b5 28.f4 Rxd2+ 29.Kxd2 Bxc3+
30.Kxc3 Nf6 31.d6 Kf7 32.Kd3 Ke6 33.Bh4 Nd5 34.g3 Nb4+ 35.Kd2 Nxa2 36.Be7 Kd7
37.Bf8 Nb4 38.Kc3 h5 39.Kd2 Nd5 40.Kd3 Nf6 41.Be7 Ne4 42.Bf8 Nxd6 43.Bg7 Ne4
44.Bf8 Kc6 45.Be7 Kd5 46.Bf8 Nf2+ 47.Ke2 Ng4 48.h3 Nf6 49.Bg7 Ne4  0-1